Vianočné pastorále

Bibliographic Details
Corporate Authors: Bratislavský chlapčenský zbor (Performer), Collegium Baroque (Performer), Slovenský rozhlas. Symfonický orchester (Performer)
Other Authors: Rovňáková, Magdaléna, 1955- (Conductor), Dvorský, Miroslav, 1960- (Performer), Tóthová, Darina (Performer), Kňaz, Peter (Performer), Smiščík, Róbert (Performer), Bajan, Ondrej (Performer), Slezák, Matej (Performer), Kokavec, Jakub (Performer), Hajóssy, Dana (Performer), Kostka, Branislav, 1971- (Conductor), Košik, Mario, 1969- (Conductor)
Format: Video DVD
Language:Slovak
English
German
Latin
PhysicalDescription:1 videodisk (DVD) (46 min) fareb., stereo 12 cm
Published: Bratislava Diskant 2007
Subjects:

MARC

LEADER 00000ngm a2200000 a 4500
001 vtls009283138
003 SK-MaSNL
005 20260302080131.0
007 vd cvaizs
008 080408s2007 xo 046 g vlslo
015 |a SNBJ2010/03-02188 
028 4 2 |a DK 0108-7231  |b Diskant 
040 |a SNK  |b slo  |c SNK  |e AACR2 
041 0 |a slo  |a eng  |a ger  |a lat 
044 |a xo  |c SK 
048 |b cd  |a oa 
072 7 |a 783  |x Cirkevná hudba. Duchovná hudba. Náboženská hudba  |2 konspekt 
072 7 |a 791  |x Film. Cirkus. Ľudová zábava  |2 konspekt 
080 |a 784.68  |2 2001 
080 |a 78.087.681  |2 2001 
080 |a 791  |2 2001 
080 |a (0.034.44)  |2 2001 
245 0 0 |a Vianočné pastorále  |h videozáznam  |c Bratislavský chlapčenský zbor 
246 1 1 |a Cantus pastoralis 
260 |a Bratislava  |b Diskant  |c 2007 
300 |a 1 videodisk (DVD) (46 min)  |b fareb., stereo  |c 12 cm 
306 |a 004600 
500 |a Poznámky v brožúre angl., nem. 
500 |a Zvuk Dolby Digital ; obraz PAL 4:3 
500 |a Bonusy: Viva la musica, Diskografia, Fotogaléria, DVD-Rom 
500 |a DVD bolo vyrobené v spolupráci so Slovenskou televíziou, Slovenským rozhlasom a Dimas s.r.o. 
500 |a Obsahuje 15 diel 
511 0 |a Účinkuje Bratislavský chlapčenský zbor ; Magdaléna Rovňáková, dirigentka 
511 0 |a Spoluúčinkujú: Miroslav Dvorský, Darina Tóthová, Peter Kňaz, Róbert Smiščík, Ondrej Bajan, Matej Slezák, Jakub Kokavec, Dana Hajóssy, Collegium Baroque - dir. Branislav Kostka, Symfonický orchester Slovenského rozhlasu - dir. Mário Košík, Bratislavský štúdiový orchester - dir. Magdaléna Rovňáková 
650 0 7 |a vianočné piesne  |2 SNKPH  |9 67789 
650 0 7 |a koledy  |2 SNKPH  |9 3441 
650 0 7 |a detské zbory  |2 SNKPH  |9 65407 
655 7 |a DVD  |2 SNKPH  |9 70751 
700 1 |a Rovňáková, Magdaléna,  |d 1955-  |4 cnd  |9 134114 
700 1 |a Dvorský, Miroslav,  |d 1960-  |4 prf  |9 17709 
700 1 |a Tóthová, Darina  |4 prf  |9 47417 
700 1 |a Kňaz, Peter  |4 prf  |9 743868 
700 1 |a Smiščík, Róbert  |4 prf  |9 743869 
700 1 |a Bajan, Ondrej  |4 prf  |9 743870 
700 1 |a Slezák, Matej  |4 prf  |9 473400 
700 1 |a Kokavec, Jakub  |4 prf  |9 743871 
700 1 |a Hajóssy, Dana  |4 prf  |9 743872 
700 1 |a Kostka, Branislav,  |d 1971-  |4 cnd  |9 114600 
700 1 |a Košik, Mario,  |d 1969-  |4 cnd  |9 114280 
710 2 |a Bratislavský chlapčenský zbor  |4 prf  |9 34658 
710 2 |a Collegium Baroque  |4 prf  |9 743873 
710 2 |a Slovenský rozhlas.  |b Symfonický orchester  |4 prf  |9 32475 
999 |c 1171920  |d 1173850 
952 |a SNK  |b SNK  |y PREZ  |7 0  |p 17A0584625  |o snkSDVD 302  |i snk2008/7906  |8 0  |0 0  |1 0  |4 0  |d 2008-04-08  |l 0  |r 2026-02-24 21:08:10  |w 2026-02-24